| 000 | 01019nam a2200265Ia 4500 | ||
|---|---|---|---|
| 005 | 20250622124037.0 | ||
| 008 | 250617s9999||||xx |||||||||||||| ||ara|| | ||
| 017 |
_a30201 _bمصر. دار الكتب |
||
| 020 | _a9789778812824 | ||
| 082 | 0 | 4 |
_a379 _bأ ت |
| 100 | 0 | _aأحمد محمد عبد العزيز | |
| 245 | 1 | 0 |
_aالتعليم فى عالم الفوكا vuca / _cأحمد محمد عبد العزيز |
| 250 | _aط1 | ||
| 260 | 3 |
_aالقاهرة : _b"دار العلا للنشر والتوزيع," _c2025. |
|
| 300 |
_a488ص ؛ _b _c24سم. |
||
| 650 | _aالتخطيط التربوى | ||
| 650 |
_aالتعليم _x أغراضه وأهدافه |
||
| 650 |
_aالتعليم _x البحوث التربوية |
||
| 650 |
_aالتعليم _x الطرق التجريبية |
||
| 650 |
_aالتعليم _x الفوكا (VUCA) |
||
| 650 |
_aالتعليم _x خدمات المعلومات |
||
| 650 |
_aالمدارس _x تنظيم وإدارة |
||
| 942 | _cBK | ||
| 999 |
_c67674 _d67674 |
||